00282nam a22001097a 4500082001200000100003500012245002100047250002000068260005000088300000700138650002700145 a615 SEA aInstitiute of chemistry ceylon aSearch for Drugs aSeminar Reports aColombobInstitiute of Chemistry Ceylonc2006 a35 adrugsaseminar reports